Клубные вечера (Запис номер 361890)
[ съкратено ]
| 000 -Лидер | |
|---|---|
| Контролно поле с фиксирана дължина | ncm a22 a 4500 |
| 003 - Код на организацията, давaща контролен номер | |
| Контролно поле | BLK |
| 005 - Дата и час на последна редакция | |
| Контролно поле | 20200513165637.0 |
| 008 - Елементи от данни с фиксирана дължина | |
| fixed length control field | 200513b bu ||||| |||| 00| 0 bu d |
| 040 ## - Източник на каталожния запис | |
| Идентификатор на билиотеката - собственик на записа | BLK |
| 041 ## - Код за език | |
| Код за езика на текст/звукозапис или на отделно заглавие | Руски |
| Код за езика КДБФ | Руски |
| 080 ## - УДК | |
| Текстов определител УДК | Масови песни. Песни на отделни обществени групи |
| УДК код - определител по УДК | 784.66 |
| УДК - код + определител | 784.66 |
| 139 ## - Редно поле | |
| Редна дума | Клубные вечера |
| Авторски знак | Клис - К 66 |
| 245 ## - Сведения за заглавието | |
| Заглавие | Клубные вечера |
| Подзаглавни данни | Сб. песен, хоров и инстументальных пьес для нар., акад. и естрадных исполнителей - участников худ. самодеятельности |
| Редно поле (дума) | Под ред. А. Абрамский |
| Том | Вып. 3 |
| 260 ## - Област на издателските данни | |
| 9 (RLIN) | 211488 |
| Място на издаване, разпространение и проч. | Москва |
| Име на издателя, разпространителя и проч. | Сов. композитор |
| Година на издаване | 1960 - |
| Издателство - префикс ISBN | 5-85285- |
| 300 ## - Физическа характеристика | |
| Размери/Мащаб | 30 см |
| 380 ## - Жанр | |
| Жанр | Естествени науки. Математика |
| 650 #7 - Допълнително описание по предмет – тема | |
| 9 (RLIN) | 166108 |
| Основно описание – тема или топоним | Песни |
| 653 #7 - Ключова дума – ненормативна | |
| 9 (RLIN) | 183593 |
| Ключова дума | вокална музика |
| 653 #7 - Ключова дума – ненормативна | |
| 9 (RLIN) | 200268 |
| Ключова дума | художествена самодейност |
| 760 ## - Описание на основната серия | |
| Редна дума на основното описание | Клубные вечера |
| Място на издаване, издател и година | Москва, 1961 |
| Страници - том | 150 с. |
| Част - том | Вып. 3 |
| 852 ## - Местоположение | |
| Форматна сигнатура | Цб М ІІ 1793 |
| Фондова буква | Хранилище |
| 999 ## - СИСТЕМНИ КОНТРОЛНИ НОМЕРА | |
| Koha biblionumber | 361890 |
| Koha biblioitemnumber | 361890 |
| 942 ## - АРТИКУЛИ | |
| Източник на класификационната схема | Universal Decimal Classification |
| Вид на библиотечния материал | Нотни издания |
| Скрит в OPAC | Не |
| Периодичен библиозапис | Да |
| 944 ## - СЪЗДАВАНЕ И РЕДАКЦИЯ на ЗАПИСА | |
| Създаване/Редакция | Създаване |
| Дата на регистрацията/редакция | 2020-05-13 |
| Служител, извършил регистрацията/редакцията | ГГГ |
| Код за отписване | Код за изгубен артикул | Източник на класификационната схема | Код за повреда | Коз за рестрикции | Код за отдаване | Артикулен № | Име на библиотеката - собственик | Име на библиотеката, в която се намира в момента | Статус (Текущо местоположение) | Дата на вписване в системата | Местоположение - отдел | Цена в лева | Инвентарен номер | Систематично азбучна сигнатура | Баркод | Цена в евро | Служебен тип на артикула |
|---|---|---|---|---|---|---|---|---|---|---|---|---|---|---|---|---|---|
| Не е изгубен | Universal Decimal Classification | Не е повреден | само за читалня | ползва се в читалня | 770189 | Регионална библиотека "Любен Каравелов" Русе | Регионална библиотека "Любен Каравелов" Русе | Хранилище | 2020-05-18 | Основен фонд - ползва се само за читалня | 1.52 | 7108/62 | Цб М ІІ 1793 | 900000008251 | 0.78 | Нотни издания |